Contemporary american dramatists

Salvato in:
Dettagli Bibliografici
Autore principale: Hill, Holly (Autore)
Natura: Libro
Lingua:inglese
Pubblicazione: Londres St James Press 1994
Serie:Contemporary Literature Series
Soggetti:
Tags: Aggiungi Tag
Nessun Tag, puoi essere il primo ad aggiungerne!!

MARC

LEADER 00000nam a2200000 a 4500
001 UCZ6900
003 CL-VaPUC
008 951219e19940000UK |||||||||||||||||eng|d
082 0 4 |a 809.2  |b HIL  |2 21 
100 0 |a Hill, Holly  |e author  |9 351516 
245 1 0 |a Contemporary american dramatists 
300 |a 771 p 
942 |c BK 
945 |d 19951219 00:00:00  |a rleighto 
260 |a Londres  |b St James Press  |c 1994 
600 0 7 |a ARDREY, ROBERT  |2 CL-VaPUC  |9 351517 
600 0 7 |a CARTER, LONNIE  |2 CL-VaPUC  |9 351518 
600 0 7 |a HANLEY, WILLIAM  |2 CL-VaPUC  |9 351519 
600 0 7 |a MACLURE, JAMES  |2 CL-VaPUC  |9 351520 
600 0 7 |a TALLY, TED  |2 CL-VaPUC  |9 351521 
650 7 |a DRAMA ESTADOUNIDENSE  |2 CL-VaPUC  |9 319409 
650 0 |a Crítica e interpretación   |9 255042 
583 |a last modification  |c 19951219 00:00:00  |k Rodrigo Vera 
490 0 |a Contemporary Literature Series 
999 |c 243047  |d 243045 
952 |0 0  |1 0  |4 0  |6 809_200000000000000_HIL_1994  |7 0  |8 A  |9 256426  |a BIBEDU  |b BIBEDU  |d 2019-11-19  |i 3162486  |o 809.2 HIL 1994  |p 3162486  |r 2019-11-19  |w 2019-11-19  |y BK  |k LIT